000 00579cam a22002171 4500
001 BD-DhSAU 5285
003 BD-DhSAU
005 20150415104050.0
008 740920s1943 nyu 000 0 eng
040 _aBD-DhSAU
082 _a628.1
_222
_bBAW
100 1 _aBarrows, H. K.
245 1 0 _aWater power engineering /
_c H.K. Barrows.
250 _a3rd ed.
_bT M H edition
260 _aIndia :
_bMcGraw-Hill ,
_c1943.
300 _aix, 791p. :
_bill. ;
_c21 cm.
504 _ainclude index
590 _atamanna
650 0 _aHydraulic engineering.
650 0 _aengineering
942 _2ddc
_cBOOK
999 _c5285
_d5285